Gasing

Bibliographic Details
Format: Book
Published: Petaling Jaya : Pelanduk Publications (M) Sdn.Bhd. , 1985
Subjects:

MARC

LEADER 00000cam a2200000 7i4500
001 0000007235
002 000007783
005 20000330.0
020 |a 9679782158 
090 0 0 |a J 796.2   |b PER 
245 1 0 |a Gasing   |c Sumathy 
260 |a Petaling Jaya :   |b Pelanduk Publications (M) Sdn.Bhd. ,   |c 1985 
300 |a 22p. :   |b ill ;   |c 18cm. 
650 0 0 |a Games   |x Juvenile literature 
999 |a 016081   |b BUKU   |c PINJAMAN   |e PERPUSTAKAAN KOMUNITI PETALING JAYA